Vc̕timas sociales y vc̕timas de delitos La promocin̤ personal y social a travš de la intervencin̤ /

Bibliographic Details
Main Author: Nieto-Cabrera, M. Elena
Other Authors: Nieto-Morales, Concepcion
Format: eBook
Language:Spanish
Published: Madrid: Dykinson, 2021
Subjects:
Online Access:Acceso restringido

MARC

LEADER 00000nam a22000007a 4500
005 20220523225337.0
007 cr|||| |||
008 220523s2021 es |||||s|||| 00||0 spa d
020 |a 978-84-1377-689-7 
035 |a 35657 
040 |a vLex 
090 |c 13388  |d 13388 
100 1 |a Nieto-Cabrera, M. Elena 
245 1 0 |a Vc̕timas sociales y vc̕timas de delitos  |h [Recurso electrn̤ico] :  |b La promocin̤ personal y social a travš de la intervencin̤ /  |c M. Elena Nieto-Cabrera, Concepcion Nieto-Morales 
256 |a Servicio en ln̕ea 
260 |a Madrid:  |b Dykinson,  |c 2021 
300 |a 1 recurso electrn̤ico 
506 1 |a Disponible solo en los productos indicados  |d vLex Global  |d vLex Global (Academic Edition, excluding Law Schools)  |d vLex Global (U.S. Academic Edition, Law Schools)  |d vLex Global (U.S. Academic Edition, excluding Law Schools)  |d vLex Global (Academic Edition, Law Schools) 
650 0 4 |a Derecho Penal  |z Espaą 
650 0 4 |a Derecho Pb︢lico y Administrativo  |z Espaą 
700 1 |a Nieto-Morales, Concepcion 
740 0 |a vLex Libros (Servicio en ln̕ea) 
856 4 0 |u https://app.vlex.com/#/sources/35657  |z Acceso restringido 
942 |c BOOK 
999 0 |a Criminal Law 
999 0 |a Public and Administrative Law